[Event "Al Ain op 4th"]
[Site "Al Ain"]
[Date "2015.12.26"]
[Round "5"]
[White "Iniyan, Panneerseluam"]
[Black "Anisuzzaman, Jewel"]
[Result "1-0"]
[WhiteElo "2275"]
[BlackElo "2078"]
[PlyCount "77"]
[EventDate "2015.12.23"]
[EventType "swiss"]
[EventRounds "9"]
[EventCountry "UAE"]
[SourceTitle "CBM 170 Extra"]
[Source "ChessBase"]
[SourceDate "2016.02.25"]
[SourceVersion "1"]
[SourceVersionDate "2016.02.25"]
[SourceQuality "1"]

1. d4 e6 2. c4 b6 3. Nc3 Bb7 4. a3 g6 5. e4 Bg7 6. Be3 Ne7 7. Bd3 d5 8. cxd5 exd5 9. e5 c5 10. f4 cxd4 11. Bxd4 Nbc6 12. Nf3 0-0 13. 0-0 Nxd4 14. Nxd4 a6 15. Qe2 b5 16. Kh1 Qb6 17. Qf2 f6 18. e6 Rad8 19. Nce2 Rfe8 20. f5 g5 21. Nc1 Nc8 22. Ncb3 Nd6 23. Nf3 Qxf2 24. Rxf2 Nc4 25. Nbd4 g4 26. Ne1 Bf8 27. b4 Bd6 28. Nb3 Re7 29. Be2 h5 30. Nd3 Kg7 31. Ndc5 Bc6 32. Rff1 Be5 33. Bxc4 bxc4 34. Na5 Bb5 35. a4 Bxa1 36. axb5 Bb2 37. Nc6 Rde8 38. Nxe7 Rxe7 39. bxa6 1-0

[Event "BAN-chB 41st"]
[Site "Dhaka"]
[Date "2015.10.20"]
[Round "6"]
[White "Anisuzzaman, Jewel"]
[Black "Md, Matiur Rahman"]
[Result "1/2-1/2"]
[WhiteElo "2112"]
[BlackElo "2039"]
[PlyCount "33"]
[EventDate "2015.10.15"]
[EventType "swiss"]
[EventRounds "11"]
[EventCountry "BAN"]
[SourceTitle "EXT 2017"]
[Source "ChessBase"]
[SourceDate "2016.10.25"]
[SourceVersion "1"]
[SourceVersionDate "2016.10.25"]
[SourceQuality "1"]

1. e4 c5 2. Nf3 e6 3. d4 cxd4 4. Nxd4 Nf6 5. Nc3 Bb4 6. Bd3 d6 7. 0-0 a6 8. Be3 Qc7 9. Qf3 Bxc3 10. bxc3 e5 11. Nf5 Bxf5 12. exf5 Nbd7 13. c4 Ke7 14. Rab1 b6 15. Bg5 h6 16. Bh4 Rhe8 17. Rfe1 1/2-1/2

[Event "BAN-chB 41st"]
[Site "Dhaka"]
[Date "2015.10.16"]
[Round "2"]
[White "Anisuzzaman, Jewel"]
[Black "Mukitul, Islam Ripon"]
[Result "1-0"]
[WhiteElo "2112"]
[BlackElo "1932"]
[PlyCount "45"]
[EventDate "2015.10.15"]
[EventType "swiss"]
[EventRounds "11"]
[EventCountry "BAN"]
[SourceTitle "CBM 169 Extra"]
[Source "ChessBase"]
[SourceDate "2015.12.18"]
[SourceVersion "1"]
[SourceVersionDate "2015.12.18"]
[SourceQuality "1"]

1. e4 Nc6 2. Bb5 d5 3. Nc3 dxe4 4. Bxc6+ bxc6 5. Nxe4 Qd5 6. Qf3 Bf5 7. d3 e6 8. Bd2 Bxe4 9. dxe4 Qb5 10. Bc3 Nh6 11. h3 0-0-0 12. Ne2 e5 13. 0-0 f6 14. b4 Qc4 15. Nc1 Nf7 16. h4 Nd6 17. Re1 Nb5 18. Re3 Nd4 19. Bxd4 exd4 20. Rd3 Qe6 21. Nb3 Qe5 22. Qe2 h5 23. Na5 1-0

[Event "Kuala Lumpur op"]
[Site "Kuala Lumpur"]
[Date "2014.04.07"]
[Round "4"]
[White "Anisuzzaman, Jewel"]
[Black "Tan, Li Ting"]
[Result "1-0"]
[WhiteElo "2110"]
[BlackElo "1928"]
[PlyCount "103"]
[EventDate "2014.04.04"]
[EventType "swiss"]
[EventRounds "9"]
[EventCountry "MAS"]
[SourceTitle "EXT 2015"]
[Source "ChessBase"]
[SourceDate "2014.11.20"]
[SourceVersion "1"]
[SourceVersionDate "2014.11.20"]
[SourceQuality "1"]

1. Nf3 d5 2. g3 c5 3. Bg2 Nc6 4. 0-0 e5 5. d3 f6 6. Nc3 Be6 7. h3 Qd7 8. Kh2 Nge7 9. e4 d4 10. Ne2 0-0-0 11. Ne1 c4 12. Bd2 Kb8 13. dxc4 Bxc4 14. Nd3 Nc8 15. b3 Be6 16. b4 Qc7 17. a4 Nb6 18. b5 Ne7 19. Bb4 Nec8 20. a5 Nc4 21. Qb1 Bd6 22. Rd1 Bd7 23. c3 Bxb5 24. cxd4 exd4 25. Bxd6 N8xd6 26. Nxd4 Bd7 27. Qb4 Rc8 28. Rab1 Qxa5 29. Qxa5 Nxa5 30. f4 Rhe8 31. e5 fxe5 32. Nxe5 Ba4 33. Rd2 Ndc4 34. Re2 Nxe5 35. fxe5 Nc6 36. Nf5 Rc7 37. Nd6 Rxe5 38. Rxe5 Nxe5 39. Nxb7 Kc8 40. Nd6+ Kd7 41. Ne4 h6 42. Rb2 Ke6 43. g4 g6 44. Kg3 Bd7 45. Rd2 Ke7 46. Kf4 Nc4 47. Re2 Be6 48. g5 h5 49. Nf6 Kf7 50. Be4 Nd6 51. Bxg6+ Kxg6 52. Rxe6 1-0

[Event "United Insurance 10th"]
[Site "Dhaka"]
[Date "2008.08.01"]
[Round "4"]
[White "Anisuzzaman, Jewel"]
[Black "Monir, Arman"]
[Result "1-0"]
[WhiteElo "2153"]
[BlackElo "2172"]
[PlyCount "127"]
[EventDate "2008.07.30"]
[EventType "swiss"]
[EventRounds "10"]
[EventCountry "BAN"]
[SourceTitle "CBM 125 Extra"]
[Source "ChessBase"]
[SourceDate "2008.09.01"]
[SourceVersion "1"]
[SourceVersionDate "2008.09.01"]
[SourceQuality "1"]

1. Nf3 d5 2. g3 Nc6 3. Bg2 e5 4. d3 Bd6 5. Nc3 Nge7 6. e4 d4 7. Nb5 f6 8. a4 Be6 9. 0-0 Qd7 10. Nh4 g5 11. Nf3 h5 12. h4 gxh4 13. Nxh4 0-0-0 14. Nxd6+ Qxd6 15. Bd2 Qd7 16. b4 Rdg8 17. b5 Nd8 18. a5 Qxb5 19. Rb1 Qd7 20. c3 dxc3 21. Bxc3 Ng6 22. Nf5 h4 23. g4 Nf4 24. Bf3 Bxf5 25. exf5 Qxd3 26. Qxd3 Nxd3 27. Kh2 c6 28. Rbd1 Nc5 29. Rd6 Rf8 30. Rfd1 Nf7 31. Rxf6 Ng5 32. Rxf8+ Rxf8 33. Be2 Nd7 34. Bd2 Ne4 35. Be3 Nc3 36. Rd2 Nxe2 37. Rxe2 b6 38. Kh3 c5 39. Kxh4 c4 40. Rc2 b5 41. Bxa7 Kb7 42. Be3 Ka6 43. Bd2 Nc5 44. Bb4 Rh8+ 45. Kg3 Ne4+ 46. Kf3 Ng5+ 47. Kg2 e4 48. Rd2 Rh3 49. Re2 Rh4 50. Kg3 Rh3+ 51. Kf4 Rb3 52. Kxg5 Rxb4 53. f6 Rb3 54. f4 Rd3 55. f7 Rd8 56. Rxe4 Rf8 57. Kg6 c3 58. Re8 Rxf7 59. Kxf7 b4 60. Rc8 Kxa5 61. g5 Ka4 62. g6 b3 63. Rxc3 b2 64. Rc8 1-0

[Event "United Insurance 10th"]
[Site "Dhaka"]
[Date "2008.07.31"]
[Round "3"]
[White "Haque, Rezaul"]
[Black "Anisuzzaman, Jewel"]
[Result "1-0"]
[WhiteElo "2179"]
[BlackElo "2153"]
[PlyCount "95"]
[EventDate "2008.07.30"]
[EventType "swiss"]
[EventRounds "10"]
[EventCountry "BAN"]
[SourceTitle "CBM 125 Extra"]
[Source "ChessBase"]
[SourceDate "2008.09.01"]
[SourceVersion "1"]
[SourceVersionDate "2008.09.01"]
[SourceQuality "1"]

1. Nf3 Nf6 2. d3 d6 3. Bg5 Bg4 4. Bxf6 Bxf3 5. Bxe7 Bxe2 6. Bxd8 Bxd1 7. Bxc7 Bxc2 8. Bxb8 Bxb1 9. Bxd6 Bxd3 10. Bxf8 Bxf1 11. Bxg7 Rg8 12. Kxf1 Rxg7 13. Re1+ Kd8 14. g3 Rc8 15. Re2 Rc1+ 16. Kg2 Rxh1 17. Kxh1 Rg6 18. Kg2 Rc6 19. Kf3 Rc7 20. Ke4 Ke7 21. f4 Kf6 22. g4 Rc4+ 23. Kf3 h6 24. h4 Rb4 25. b3 Rb6 26. g5+ Kg6 27. h5+ Kg7 28. Re7 Rb5 29. gxh6+ Kxh6 30. Rxf7 Kxh5 31. Rd7 Rb4 32. Rd5+ Kg6 33. Kg4 b5 34. Rd6+ Kf7 35. Ra6 Rd4 36. Rxa7+ Kf6 37. Ra6+ Kf7 38. Kg5 Rd5+ 39. f5 Rd2 40. Ra7+ Ke8 41. Kg6 Rg2+ 42. Kf6 Rd2 43. Ra8+ Kd7 44. Kf7 Rf2 45. f6 Rh2 46. Ra7+ Kd6 47. Kg8 Rg2+ 48. Rg7 1-0